Evaluation of Engineering Projects of Green Concrete (Record no. 553966)
[ view plain ]
| 000 -LEADER | |
|---|---|
| fixed length control field | 00368nam a22001337a 4500 |
| 082 ## - DEWEY DECIMAL CLASSIFICATION NUMBER | |
| Classification number | P-744 |
| 100 ## - MAIN ENTRY--PERSONAL NAME | |
| Personal name | Muhammad Zohaib |
| 9 (RLIN) | 51220 |
| 245 ## - TITLE STATEMENT | |
| Title | Evaluation of Engineering Projects of Green Concrete |
| Statement of responsibility, etc. | Muhammad Zohaib |
| 260 ## - PUBLICATION, DISTRIBUTION, ETC. | |
| Place of publication, distribution, etc. | Risalpur, |
| Name of publisher, distributor, etc. | MCE, |
| Date of publication, distribution, etc. | 2017. |
| 300 ## - PHYSICAL DESCRIPTION | |
| Extent | 99p. |
| Other physical details | Nil |
| 526 ## - STUDY PROGRAM INFORMATION NOTE | |
| Program name | 0 |
| Interest level | 0 |
| Reading level | 0 |
| Title point value | P_744 |
| 700 ## - ADDED ENTRY--PERSONAL NAME | |
| Personal name | Lt Col Maqbool Sadiq |
| 9 (RLIN) | 51221 |
| 942 ## - ADDED ENTRY ELEMENTS (KOHA) | |
| Source of classification or shelving scheme | |
| Koha item type | Book |
| Withdrawn status | Lost status | Source of classification or shelving scheme | Damaged status | Not for loan | Permanent Location | Current Location | Date acquired | Total Checkouts | Full call number | Barcode | Date last seen | Copy number | Price effective from | Koha item type |
|---|---|---|---|---|---|---|---|---|---|---|---|---|---|---|
| Military College of Engineering (MCE) | Military College of Engineering (MCE) | 09/14/2017 | P-744 | MCE-P-744 | 03/13/2019 | Project | 09/14/2017 | Book |
